El Desarrollo económico y el problema forestal en Costa Rica

Guardat en:
Dades bibliogràfiques
Autor corporatiu: ICAP
Format: Text
Publicat: San José: ICAP
Etiquetes: Afegir etiqueta
Sense etiquetes, Sigues el primer a etiquetar aquest registre!

MARC

LEADER 00000 a a2200000 04500
001 24292
003
040
090 |a 172500  
110 |a ICAP  
245 |a El Desarrollo económico y el problema forestal en Costa Rica  
260 |a San José:   |b ICAP  
300 |a 19 p  
999 |c 921  |d 921